MARC

LEADER 00000nam0a2200000 4500
001 275971
005 20231101234857.0
020 |a RU  |b 85-84248 
035 |a (RuTPU)RU\TPU\book\299224 
090 |a 275971 
100 |a 20141118d1985 k y0rusy5003 ca 
101 0 |a rus 
102 |a RU 
105 |a y z 000zy 
200 1 |a Совершенствование управления экономикой ремонтного производства (теория и практика)  |e [монография]  |f Л. Н. Драгун 
210 |a Иркутск  |c Изд-во Иркутского ун-та  |d 1985 
215 |a 138 с.  |d 20 см 
606 1 |a Промышленные сооружения  |x Ремонт  |x Техническое обслуживание  |2 stltpush  |3 (RuTPU)RU\TPU\subj\67858  |9 83506 
610 1 |a ремонтное производство 
610 1 |a эффективность 
610 1 |a экономика 
610 1 |a управление 
610 1 |a совершенствование 
610 1 |a монографии 
675 |a 658.588  |z rus  |v 3 
700 1 |a Драгун  |b Л. Н.  |g Леонид Николаевич  |4 070 
801 0 |a RU  |b RuMRKP  |c 19950704  |g psbo 
801 1 |a RU  |b 63413507  |c 20141118 
801 2 |a RU  |b 63413507  |c 20160314  |g RCR 
942 |c BK